|
|
|
|
| LEADER |
00000nam a2200000 a 4500 |
| 005 |
20111223110645.0 |
| 007 |
c||||| |||| |
| 008 |
021223s2002 sp |||||| 000 ||spa|c |
| 020 |
|
|
|a 8484940519
|
| 035 |
|
|
|a 1310
|
| 040 |
|
|
|d vLex
|
| 043 |
|
|
|a e-sp---
|b e-sp---
|2 catmarc
|
| 080 |
|
|
|a 343.55(460)
|
| 080 |
|
|
|a 343.615(460)
|
| 090 |
|
|
|c 2863
|d 2863
|
| 245 |
0 |
0 |
|a Estudios penales sobre violencia domštica /
|h [Recurso electrn̤ico]
|c por Lorenzo Morillas Cueva, coordinador ; [autores]: Arǹguez Sǹchez, Carlos...[et al.]
|
| 256 |
|
|
|a Servicio en ln̕ea
|
| 260 |
|
|
|a Madrid :
|b EDERSA,
|c DL 2002
|
| 300 |
|
|
|a 1 recurso electrn̤ico
|
| 490 |
1 |
|
|a Monografa̕s / Edersa
|
| 504 |
|
|
|a Bibliografa̕
|
| 506 |
1 |
|
|a Contenido solo disponible en los productos indicados
|d vLex Global
|d vLex Global (Academic Edition, excluding Law Schools)
|d vLex Global (U.S. Academic Edition, Law Schools)
|d vLex Global (U.S. Academic Edition, excluding Law Schools)
|d vLex Global (Academic Edition, Law Schools)
|
| 650 |
0 |
7 |
|a Violencia en la familia
|z Espaą
|
| 650 |
0 |
7 |
|a Violencia en la familia
|z Espaą
|x Aspectos legales
|
| 650 |
0 |
7 |
|a Violencia contra las mujeres
|z Espaą
|
| 650 |
0 |
7 |
|a Violencia contra las mujeres
|z Espaą
|x Aspectos legales
|
| 650 |
0 |
7 |
|2 Tesauro vLex
|a Delitos
|
| 700 |
1 |
|
|a Morillas Cueva, Lorenzo
|
| 700 |
1 |
|
|a Arǹguez Sǹchez, Carlos
|
| 740 |
0 |
|
|a vLex Libros (Servicio en ln̕ea)
|
| 830 |
|
0 |
|a Monografa̕s (Edersa)
|
| 856 |
4 |
0 |
|z Acceso restringido
|u http://vlex.com/source/estudios-penales-violencia-domestica-1310
|
| 942 |
|
|
|c BOOK
|
| 999 |
0 |
|
|a Women
|b Abuse of; Wife abuse
|
| 999 |
0 |
|
|a Criminal law
|